Principles of cost-benefit analysis for developing countries (Registro nro. 6094)

Detalles MARC
000 -LEADER
fixed length control field 01599 a2200229 4500
001 - CONTROL NUMBER
control field 57006
005 - DATE AND TIME OF LATEST TRANSACTION
control field 20260407155833.0
008 - FIXED-LENGTH DATA ELEMENTS--GENERAL INFORMATION
fixed length control field 260407a1996 arg spa d
003 - CONTROL NUMBER IDENTIFIER
control field AR-UNSa-BCEJYS
040 ## - CATALOGING SOURCE
Original cataloging agency AR-UNSa-BCEJYS
Language of cataloging spa
Transcribing agency AR-UNSa-BCEJYS
080 ## - UNIVERSAL DECIMAL CLASSIFICATION NUMBER
Universal Decimal Classification number 330.34
Common auxiliary subdivision Desarrollo Económico
020 ## - INTERNATIONAL STANDARD BOOK NUMBER
International Standard Book Number 0-521-47916-9
100 1# - MAIN ENTRY--PERSONAL NAME
Personal name Dinwiddy, Caroline
245 10 - TITLE STATEMENT
Title Principles of cost-benefit analysis for developing countries
264 #1 - PRODUCTION, PUBLICATION, DISTRIBUTION, MANUFACTURE, AND COPYRIGHT NOTICE
Place of production, publication, distribution, manufacture Cambridge :
Name of producer, publisher, distributor, manufacturer Cambridge University Press
Date of production, publication, distribution, manufacture, or copyright notice 1996
300 ## - PHYSICAL DESCRIPTION
Extent 282 p.
Dimensions 23 cm.
505 ## - FORMATTED CONTENTS NOTE
Formatted contents note Part I: Introduction to welfare economics: 1. Measuring changes in economic welfare: consumer and producer surplus – 2. Consumers and producers: some basic theory – 3. Welfare change in general equilibrium – 4. Equity and efficiency - Part II: Project and policy appraisal in developing countries: 5. Project appraisal: an overview – 6. Shadow prices for traded and non-traded commodities in an open economy – 7. Trade policy, exchange rates and structural adjustment – 8. Labour markets in developing countries – 9. The social value of labour – 10. Intertemporal costs and benefits (1): a market-based approach – 11. Intertemporal costs and benefits (2): a social planning approach - Part III: Missing markets: 12. Externalities and public goods – 13. Risk and the measurement of welfare change – 14. Natural resources and the environment
590 ## - LOCAL NOTE (RLIN)
Local note niveau_biblio:m niveau_hierar:0
700 1# - ADDED ENTRY--PERSONAL NAME
Personal name Teal, Francis
856 41 - ELECTRONIC LOCATION AND ACCESS
Uniform Resource Identifier <a href="https://www.biblioeco.unsa.edu.ar/pmb/images/libros/L128646.jpg">https://www.biblioeco.unsa.edu.ar/pmb/images/libros/L128646.jpg</a>
Link text Imagen de portada
Electronic format type image/jpeg
942 ## - ADDED ENTRY ELEMENTS (KOHA)
Koha item type
Existencias
Withdrawn status Lost status Damaged status Not for loan Home library Current library Shelving location Date acquired Total checkouts Full call number Barcode Date last seen Price effective from Koha item type
        Biblioteca Prof. Eusebio Cleto del Rey Biblioteca Prof. Eusebio Cleto del Rey   07/04/2026   330.34 D583 L128646 07/04/2026 07/04/2026 Libro